000 nam a22 7a 4500
999 _c8978
_d8978
008 180122b ||||| |||| 00| 0 eng d
100 _aMirza.L.
_95278
245 _aThe Joy of the Mathematics
260 _bFrank Bros
_c2001